000
00326nam a2200109Ia 4500
100
_a
Kancha Ilaiah
245
4
_a
The Weapon of the other: Dalit Bahujan writings & the Remaking of Indian Nationalist thought
264
_b
Pearson
_c
2010
300
_a
230
942
_c
IR
999
_c
120706
_d
120706